000 00620nam a22001932 4500
001 0000025038
005 20151217161203.0
008 141026s xx 000 0 eng d
020 _a0877791694 :
040 _aKABU
_cKABU
100 1 _aMerriam-Webster.
_@0000185421
245 1 0 _aMerriam Webster's collegiate thesaurus.
260 _aSpringfield, Massachusetts :
_bMerriam-Webster, Incorporated,
_c1993.
300 _a1 vol. (various pagings) ;
650 0 _aEnglish language
_xSynonyms and antonyms.
_@0000148333
908 _a141026
950 _@1
999 _c15303
_d15303